=LDR 00000nam 2200000 4500 =001 INLIS000000000030244 =005 20130612132415 =008 ***********************************Indonesia** =035 ##$$0010-061300000030244 =041 ##$$a Indonesia =082 ##$$a 336.2 =090 ##$$a 336.2, Efe, k =100 ##$$a Efendi,Muhammad Bakhrum =245 ##$$a Kebijakan perpajakan di Indonesia, dari era kolonial sampai orde baru, Muhammad Bakhrum Efendi =260 ##$$a 2006 $b Yogjakarta =300 ##$$a xv, 170 hlm., 21 cm =650 ##$$a PAJAK dan PERPAJAKAN-INDONESIA =850 ##$$a NBPNMAT =990 ##$$a 0001/BPAP-NTB/2016